It looks like you're offline.
Open Library logo
additional options menu

MARC record from Internet Archive

LEADER: 01374cam 2200361 a 4500
001 ocm38090948
003 OCoLC
005 20101201141911.0
008 971128r19981995nyu j 000 1 eng
010 $a 97050537
040 $aDLC$cDLC$dUUC$dBAKER$dBTCTA$dOCLCQ
020 $a0140386726 (pbk.)
020 $a9780140386721 (pbk.)
035 $a(OCoLC)38090948
042 $alcac
050 10 $aPZ7.T85565$bIn 1998
082 00 $a[Fic]$221
100 1 $aTurner, Megan Whalen.
245 10 $aInstead of three wishes /$cMegan Whalen Turner.
260 $aNew York :$bPuffin Books,$c1998.
300 $a132 p. ;$c20 cm.
520 $aA collection of seven stories featuring leprechauns, ghosts, time travel, and other extraordinary creatures and experiences.
505 0 $aPlague of leprechaun -- Leroy Roachbane -- Factory -- Aunt Charlotte and the NGA portraits -- Instead of three wishes -- Nightmare -- Baker King.
650 0 $aChildren's stories, American.
650 1 $aSupernatural$vFiction.
650 1 $aShort stories.
938 $aBaker & Taylor$bBKTY$c4.99$d3.74$i0140386726$n0003101092$sactive
938 $aBaker and Taylor$bBTCP$n97050537
938 $aBaker & Taylor$bBKTY$c12.30$d.00$i0606135219$n0003143325$sactive
029 1 $aNZ1$b2258866
029 1 $aAU@$b000041191914
994 $aZ0$bPMR
948 $hNO HOLDINGS IN PMR - 137 OTHER HOLDINGS